| 000 | 00454nam a22001577a 4500 | ||
|---|---|---|---|
| 003 | SGT | ||
| 020 | _a9788121906395 | ||
| 082 | _a515.9,NAR | ||
| 100 | _aNARAYAN SHANTI | ||
| 245 | _aTHEORY OF FUNCTIONS OF A COMPLEX VARIABLE | ||
| 260 |
_aNEW DELHI _b S CHAND |
||
| 300 | _a627 | ||
| 650 | _a FUNCTIONS OF A COMPLEX VARIABLE | ||
| 653 | _aCOMPLEX NUMBERS, GEOMETRICAL REPRESENTATION OF COMPLEX NUMBERS BI LINEAR TRANSFORMATIONS | ||
| 942 |
_2ddc _cFPS |
||
| 999 |
_c9329 _d9329 |
||